000 00352nam a2200145Ia 4500
005 20251222141943.0
008 251222s9999||||xx |||||||||||||| ||spa||
020 _a9786124202384
082 _a808.387.2/T79
100 _aTrelles Paz, Diego
245 0 _aDetectives Perdidos en la Ciudad Oscura
250 _a1ra.ed.
264 _bCOPÉ
942 _cLIB
999 _c9441
_d9441